| 000 | 00485nam a2200181Ia 4500 | ||
|---|---|---|---|
| 001 | 18857 | ||
| 005 | 20260306171701.0 | ||
| 008 | 260306s9999||||xx |||||||||||||| ||und|| | ||
| 041 | _aESP | ||
| 082 |
_a658.5 _bV935 |
||
| 100 |
_aVelasco Sánchez, Juan _eAUT |
||
| 245 | 0 |
_aGestión de la logística en la empresa: _bplanificación de la cadena de suministros |
|
| 260 | _c2013 | ||
| 300 |
_a204 páginas : _c24 cm. |
||
| 650 | _aGEN | ||
| 654 | _aCAN | ||
| 942 |
_cLIB _dJUS _fJUS _2ddc _n |
||
| 999 |
_c18857 _d18857 |
||